00859cam a2200169 a 4500020001500000040000800015082002600023245008000049260007600129300002900205500028000234500005500514650002100569650002800590700002300618710004800641 a0803109318 cDLC00a628 AME 1986 A038 Or.00aHazardous and industrial solid waste testing and disposal :bsixth volume / aPhiladelphia, PA :bAmerican Society for Testing and Materials,cc1986. a471 p. :bill. ;c24 cm. a"Papers presented at two symposia: the Third International Symposium on Industrial and Hazardous Waste presented at Alexandria, Egypt, 24-27 June 1985, and the Symposium on Environmental Test Method Development presented at Colorado Springs, CO, 8-9 May 1985"--3rd prelim. p. a"ASTM publication code number (PCN) 04-933000-16." 0aHazardous wastes 0aFactory and trade waste1 aLorenzen, Douglas.2 aAmerican Society for Testing and Materials.